| 000 | 00845nam a2200277Ia 4500 | ||
|---|---|---|---|
| 001 | Para_8177 | ||
| 003 | CHAP | ||
| 008 | 220125s1903 xx 000 0 und d | ||
| 010 | _a207089 | ||
| 040 | _cCHAP | ||
| 082 | _aPA-C 595.752 A6 | ||
| 100 |
_aPergande, Theo _9173552 |
||
| 245 |
_aNorth American Phylloxerinae affecting hicoria (Carya) and other trees / _c by Theo Pergande |
||
| 260 | _aE.U.A. Department Academy of Sciences | ||
| 300 | _a185-273 p. | ||
| 440 |
_aAphidae; 2 _9173549 |
||
| 500 | _aEncuadernado con otros impresos similares | ||
| 650 |
_a _x Afididos _x Colecciones de escritos _x Hicoria glabra (Madera) _9173553 |
||
| 901 | _aPA-C 595.752 A6 | ||
| 902 | _aA | ||
| 905 | _a0000001903 a 0000000000 00 | ||
| 910 | _a1903 | ||
| 942 | _cPARA | ||
| 942 |
_cPARA _d1 |
||
| 999 |
_c207089 _d207089 |
||